000 00636nam a2200217Ia 4500
003 OSt
005 20251127113846.0
008 220923b |||||||| |||| 00| 0 eng d
020 _a0415925886
037 _cGeneral Book
040 _aRTL
_cRTL
_beng
041 _2eng
_aeng
084 _aY:3(Q:3), P2
_qRTL
100 _aBeal Timothy K.
_9323857
245 0 _aReligion and its monsters
260 _aNew York
_bRoutledge
_c2002
300 _aix,235 p.: ill.
_bIncludes bibliographical references and index.
650 _aSociology
_9853157
942 _hY:3(Q:3), P2
_cGB
_2CC
_n0
999 _c633618
_d633618